Tout les Starters de Pokémon et ses évolutions - Statistiques

Statistiques générales
  • Ce quiz a été pris 71 fois
  • Le résultat moyen est 46 sur 92
Statistiques - réponses
Région Pokémon Type de quiz % Correct
Carapuce Eau
98%
Salamèche Feu
98%
Kanto Bulbizarre Plante/Poison
95%
Reptincel Feu
95%
Tortank Eau
95%
Carabaffe Eau
93%
Dracaufeu Feu/Vol
93%
Florizarre Plante/Poison
93%
Herbizarre Plante/Poison
93%
Pikachu Electrik
93%
Kaiminus Eau
82%
Poussifeu Feu
82%
Evoli Normal
80%
Héricendre Feu
80%
Héricendre Feu
80%
Méganium Plante
75%
Simiabraz Feu/Combat
75%
Tiplouf Eau
75%
Sinnoh Tortipouss Plante
75%
Aligatueur Eau
73%
Braségali Feu/Combat
73%
Gobou Eau
73%
Ouisticram Feu
73%
Pingoléon Eau/Acier
70%
Hoenn Arcko Plante
68%
Feurisson Feu
68%
Feurisson Feu
68%
Torterra Plante/Sol
68%
Typhlosion Feu
68%
Boskara Plante
66%
Laggron Eau/Sol
66%
Macronium Plante
66%
Chimpenfeu Feu/Combat
64%
Galifeu Feu/Combat
64%
Crocrodil Eau
61%
Jungko Plante
61%
Prinplouf Eau
61%
Flobio Eau/Sol
59%
Moustillon Eau
59%
Moustillon Eau
59%
Clamiral Eau
57%
Massko Plante
57%
Roitiflam Feu/Combat
57%
Unys Vipélierre Plante
57%
Gruikui Feu
55%
Majaspic Plante
52%
Amphinobi Eau/Ténèbres
50%
Grenousse Eau
50%
Grotichon Feu/Combat
50%
Lianaja Plante
50%
Mateloutre Eau
48%
Mateloutre Eau
48%
Alola Brindibou Plante/Vol
41%
Hisui Brindibou Plante/Vol
41%
Johto Germinion Plante
39%
Archéduc Plante/Spectre
36%
Félinferno Feu/Ténèbres
36%
Feunnec Feu
36%
Flamiaou Feu
34%
Kalos Marisson Plante
34%
Blindépique Plante/Combat
32%
Boguérisse Plante
32%
Croâporal Eau
32%
Efflèche Plante/Vol
32%
Efflèche Plante/Vol
32%
Goupelin Feu/Psy
32%
Matoufeu Feu
32%
Oratoria Eau/Fée
32%
Otaquin Eau
30%
Roussil Feu
30%
Otarlette Eau
27%
Paldea Poussacha Plante
25%
Badabouin Plante
18%
Chochodile Feu
18%
Clamiral d'Hisui Eau/Ténèbres
18%
Larméléon Eau
18%
Galar Ouistempo Plante
18%
Typhlosion d'Hisui Feu/Spectre
18%
Flambino Feu
16%
Gorythmic Plante
16%
Archéduc d'Hisui Plante/Combat
14%
Lézargus Eau
14%
Pyrobut Feu
14%
Palmaval Eau/Combat
9%
Miascarade Plante/Ténèbres
7%
Couaffeton Eau
5%
Crocogril Feu
5%
Flâmigator Feu/Spectre
5%
Lapyro Feu
5%
Matourgeon Plante
5%
Canarbello Eau
2%
Arrozarre Eau
0%
Aucun quiz correspondant
Distribution des résultats
% des personnes avec chaque résultat
Percentile par nombre de réponses
Votre historique - résultats
Vous n’avez pas pris ce quiz